Statistics for Food Chain Game

Click here to take the quiz!

General Stats

  • This quiz has been taken 2,418 times
    (2,397 since last reset)
  • The average score is 14 of 21

Answer Stats

HintAnswer% Correct
When life gives you lemons, make _____Lemonade
97%
Unfertilized embroyoEgg
93%
An ____ a day keeps the doctor awayApple
92%
Tropical fruit that rhymes with tangoMango
92%
Citrus fruit with lots of vitamin COrange
92%
What bunnies eatCarrot
88%
I scream, you scream, we scream for __ _____!Ice cream
87%
Comes in green, mint, black, and herbal varietiesTea
78%
Purple vegetable/fruitEggplant
76%
Cooked snails popular in Spain and FranceEscargot
76%
Most important part of smoresMarshmallow
76%
Vegetable/fruit commonly used for oilOlive
73%
Oblong, cream filled pastryEclair
70%
Like a peach but without fuzzy skinNectarine
68%
Large green fruit with juicy flesh that grows on vinesWatermelon
66%
Small and colorful chocolate candyM&Ms
53%
Small fruit with green skin and pink/red fleshGuava
51%
Yellow spice popular in IndiaTurmeric
48%
Polynesian root vegetableTaro
34%
Indian flatbreadRoti
31%
Apricot & Plum crossbredAprium
9%

Score Distribution

Percentile by Number Answered

Percent of People with Each Score

Your Score History

You have not taken this quiz since the last reset